000 00547nam a22002057a 4500
003 OSt
005 20160511144119.0
008 160511b xxu||||| |||| 00| 0 eng d
020 _a0706997883
040 _c040a
082 _a541.3
_bSHA 1996
100 _aSharma, K K
_98716
245 _aProblems in physical chemistry /
_cSharma K K
250 _a2nd.rev.ed
260 _aNew Delhi
_bVikas Publishing house
_c1996
300 _av, 495p;
_bill :
_c10 cm
504 _aIncludes index
650 _aphysical chemistry
_91450
942 _2ddc
_cSLOAN
999 _c3986
_d3986